Desarrollo de un sistema de información web en bar y restaurante “La Criollita
Presenta el desarrollo de un sistema de información web para el bar y restaurante La criolla con funciones de administración, inventario y facturación. El sistema de información web propuesto posee funciones tales como la realización de factura de la orden, registro de productos, almacenamient...
| Main Authors: | , |
|---|---|
| Other Authors: | |
| Format: | Tesis Section = Libro |
| Language: | Undetermined Spanish |
| Published: |
Managua
UNI
2018
|
| Subjects: |
| LEADER | 01250nam a2200265Ia 4500 | ||
|---|---|---|---|
| 008 | 240830s9999 xx 000 0 und d | ||
| 040 | |a BIBLIOTECA-RUPAP Mon 005.1 P981 | ||
| 041 | |a spa | ||
| 082 | |a Mon 005.1 P981 | ||
| 100 | 1 | |a Pulido Luna, Jasihara Eunice | |
| 100 | 1 | |b Beteta Dávila, Fidel Ernesto | |
| 245 | 1 | 0 | |a Desarrollo de un sistema de información web en bar y restaurante “La Criollita |
| 260 | |a Managua |b UNI |c 2018 | ||
| 300 | |a 140 p. :il. | ||
| 500 | |a Contiene: anexos y CD. | ||
| 502 | |a Tesis (Ingeniero de Sistemas)- UNI, 2018. | ||
| 520 | 3 | |a Presenta el desarrollo de un sistema de información web para el bar y restaurante La criolla con funciones de administración, inventario y facturación. El sistema de información web propuesto posee funciones tales como la realización de factura de la orden, registro de productos, almacenamiento de datos de reservas, asignación de mesas y sillas en las áreas del bar y restaurante. | |
| 650 | 7 | |a SISTEMAS DE INFORMACION WEB-DISEÑO | |
| 650 | 7 | |b INGENIERIA DE SOFTWARE | |
| 650 | 7 | |c ADMINISTRACION DE INVENTARIO Y FACTURACION | |
| 650 | 7 | |d BASES DE DATOS | |
| 700 | 1 | |a Tutor: |b Chávez Toruño, Ariel Eduardo | |
| 942 | |c BK |2 ddc | ||
| 991 | |a TESIS | ||
| 999 | |c 15297 | ||